书目信息 |
| 题名: |
数值分析原理及MATLAB实验
|
|
| 作者: | 曹艳华 , 肖瑜 , 吕广红 主编 | |
| 分册: | ||
| 出版信息: | 武汉 华中科技大学出版社 2022.04 |
|
| 页数: | 239页 | |
| 开本: | 24cm | |
| 丛书名: | ||
| 单 册: | ||
| 中图分类: | O241-39 | |
| 科图分类: | ||
| 主题词: | 数值分析--shu zhi fen xi--Matlab软件 | |
| 电子资源: | ||
| ISBN: | 978-7-5680-8081-1 | |
| 000 | 01134nam0 2200265 450 | |
| 001 | 28203 | |
| 005 | 20221008161900.51 | |
| 010 | @a978-7-5680-8081-1@dCNY39.80 | |
| 100 | @a20220628d2022 em y0chiy50 ea | |
| 101 | 0 | @achi |
| 102 | @aCN@b420000 | |
| 105 | @aa a 000yy | |
| 200 | 1 | @a数值分析原理及MATLAB实验@Ashu zhi fen xi yuan li ji MATLAB shi yan@f主编曹艳华, 肖瑜, 吕广红 |
| 210 | @a武汉@c华中科技大学出版社@d2022.04 | |
| 215 | @a239页@c图@d24cm | |
| 300 | @a本教材获华东交通大学教材基金资助 本教材获国家级一流本科专业建设点资助 本教材获第十一批江西省研究生优质课程和案例建设项目资助 | |
| 320 | @a有书目 | |
| 330 | @a本书共9章, 包括预备知识、非线性方程求解、线性方程组的解法、非线性方程组的解法、插值法、函数逼近与曲线拟合、数值积分与数值微分、常微分方程求解、矩阵特征值计算, 但本书着重于算法设计与编程实现, 强调通过理论联系实际提高动手编程能力。 | |
| 606 | 0 | @a数值分析@Ashu zhi fen xi@xMatlab软件 |
| 690 | @aO241-39@v5 | |
| 701 | 0 | @a曹艳华@Acao yan hua@4主编 |
| 701 | 0 | @a肖瑜@Axiao yu@4主编 |
| 701 | 0 | @a吕广红@Alu^ guang hong@4主编 |
| 801 | 0 | @aCN@c20220910 |
| 905 | @a河南城建学院图书馆@dO241-39@eC160@f2 | |
| 数值分析原理及MATLAB实验/主编曹艳华, 肖瑜, 吕广红.-武汉:华中科技大学出版社,2022.04 |
| 239页:图;24cm |
| 本教材获华东交通大学教材基金资助 本教材获国家级一流本科专业建设点资助 本教材获第十一批江西省研究生优质课程和案例建设项目资助 |
| ISBN 978-7-5680-8081-1:CNY39.80 |
| 本书共9章, 包括预备知识、非线性方程求解、线性方程组的解法、非线性方程组的解法、插值法、函数逼近与曲线拟合、数值积分与数值微分、常微分方程求解、矩阵特征值计算, 但本书着重于算法设计与编程实现, 强调通过理论联系实际提高动手编程能力。 |
| ● |
| 相关链接 |
|
|
|
正题名:数值分析原理及MATLAB实验
索取号:O241-39/C160
 
预约/预借
| 序号 | 登录号 | 条形码 | 馆藏地/架位号 | 状态 | 备注 |
| 1 | 1580993 | 215809935 | 自科库401/401自科库 49排4列3层/ [索取号:O241-39/C160] | 在馆 | |
| 2 | 1580994 | 215809944 | 自科库401/401自科库 49排4列3层/ [索取号:O241-39/C160] | 在馆 |